000 00665nam a2200229 i 4500
001 C2-0120526
003 PPAK
005 20180727112613.0
008 970814s1981 my |||| ||||| | eng d
020 _a0195804589
040 _aPPAK
_beng
_cPPAK
_erda
082 0 4 _a330.595
_223
090 0 0 _a330.595
_bLIM
_dG
100 0 _aLim Mah Mui,
_eauthor
245 1 0 _aOwnership and control of the one hundred largest corporations in Malaysia
264 1 _aKuala Lumpur :
_bOxford University Press ,
_c1981
300 _axiii, 190 pages. ;
_c26 cm
336 _2rdacontent
_atext
337 _2rdamedia
_aunmediated
338 _2rdacarrier
_avolume
942 _ddc
_cB
999 _c33841
_d33841